000 00286nam a2200109 4500
008 160623b xxu||||| |||| 00| 0 eng d
100 _9736
_a Brokaw
245 _aThe Greatest Generation
260 _aN.Y
_b Random house.Inc.
_c1998
300 _aThe Greatest Generation
942 _2ddc
_cBK
999 _c593
_d593